Rafael Benitez' Napoli - Statistics

General Stats
  • This quiz has been taken 11 times
  • The average score is 22 of 39
Answer Stats
Rank Player Position Nationality Matches Goals Assists % Correct
3 Dries Mertens Second Striker 98 23 24
100%
9 Faouzi Ghoulam Left-Back 60 0 6
100%
2 Gonzalo Higuaín Centre-Forward 104 53 24
100%
1 José Callejón Right Winger 111 32 18
100%
6 Lorenzo Insigne Left Winger 79 11 17
100%
5 Marek Hamsik Central Midfield 95 20 25
100%
14 Pepe Reina Goalkeeper 43 0 1
100%
4 Raúl Albiol Centre-Back 97 1 4
100%
7 Gökhan Inler Defensive Midfield 78 5 3
89%
16 Goran Pandev Second Striker 41 8 8
89%
17 Kalidou Koulibaly Centre-Back 39 1 2
89%
22 Valon Behrami Defensive Midfield 33 0 0
89%
24 Blerim Dzemaili Central Midfield 29 6 4
78%
11 Duván Zapata Centre-Forward 53 15 5
78%
29 Camilo Zúñiga Left Midfield 18 0 5
67%
8 Christian Maggio Right-Back 73 0 6
67%
12 Jorginho Defensive Midfield 52 2 1
67%
28 Pablo Armero Left Midfield 18 0 0
67%
20 Walter Gargano Defensive Midfield 36 0 2
67%
30 Ivan Strinic Left-Back 11 0 2
56%
33 Paolo Cannavaro Centre-Back 4 0 0
56%
19 Federico Fernández Centre-Back 36 0 1
44%
26 Mariano Andújar Goalkeeper 27 0 0
44%
25 Giandomenico Mesto Right Midfield 29 0 0
33%
18 Henrique Centre-Back 38 2 1
33%
21 Jonathan de Guzmán Defensive Midfield 36 7 3
33%
32 Michu Second Striker 6 0 1
33%
10 Miguel Britos Centre-Back 59 2 0
33%
27 Anthony Réveillère Right-Back 18 0 1
22%
13 David López Centre-Back 44 2 1
22%
23 Manolo Gabbiadini Centre-Forward 30 11 2
22%
15 Rafael Cabral Goalkeeper 43 0 0
22%
36 Roberto Colombo Goalkeeper 1 0 0
22%
35 Toni Doblas Goalkeeper 2 0 0
22%
37 Bruno Uvini Centre-Back 1 0 0
11%
34 Davide Bariti Right Midfield 3 0 0
11%
38 Igor Lasicki Centre-Back 1 0 0
11%
31 Josip Radosevic Defensive Midfield 10 0 0
11%
39 Sebastiano Luperto Centre-Back 1 0 0
11%
No matching quizzes found
Score Distribution
Percent of People with Each Score
Percentile by Number Answered
Your Score History
You have not taken this quiz